Dragon Age Companions - Statistics

General Stats
  • This quiz has been taken 299 times
  • The average score is 22 of 27
Answer Stats
Hint Answer % Correct
Human Morrigan
96%
Qunari Iron Bull
93%
Human Alistair
92%
Mabari Dog
90%
Human Leliana
90%
Elf Solas
90%
Dwarf Varric Tethras
90%
Human Cassandra Pentaghast
89%
Qunari Sten
88%
Elf Zevran Arainai
88%
Spirit Cole
86%
Elf Sera
85%
Dwarf Oghren
83%
Human Anders
82%
Human Wynne
82%
Human Dorian Pavus
81%
Golem Shale
81%
Human Blackwall
79%
Human Vivienne
76%
Elf Fenris
75%
Human Isabela
75%
Elf Merrill
74%
Human Bethany Hawke
70%
Human Carver Hawke
69%
Human Aveline Vallen
66%
Human Sebastian Vael
65%
Human Loghain Mac Tir
53%
No matching quizzes found
Score Distribution
Percent of People with Each Score
Percentile by Number Answered
Your Score History
You have not taken this quiz